000
00320nam a2200145Ia 4500
008
230718s9999 xx 000 0 und d
041
_a
Eng.
082
_a
348.4
_b
FAR-C
100
_a
Farani,M
245
0
_a
Colonizatio laws
260
_a
Pakistan
_b
national law
_c
2010
300
_a
822
650
_a
Law
999
_c
30450
_d
30450